Antigüedades de México : basadas en la recopilación de Lord Kingsborough /

Antigüedades de México fue el primer esfuerzo por editar y difundir en círculos amplios los códices mexicanos. La iniciativa fue del dublinés Edward King (1795-1837), vizconde de Kingsborough, quien publicó en 1831 los siete primeros volúmenes de su obra, que comprendía quince códices. La presente e...

وصف كامل

محفوظ في:
التفاصيل البيبلوغرافية
المؤلف الرئيسي: Kingsborough, Edward King, Lord (comp.)
مؤلفون آخرون: Yáñez, Agustín (prólogo) (prólogo)
التنسيق: كتاب
اللغة:الإسبانية
منشور في: México : Secretaría de Hacienda y Crédito Público, 1964, c1964
الموضوعات:
الوسوم: إضافة وسم
لا توجد وسوم, كن أول من يضع وسما على هذه التسجيلة!

MARC

LEADER 00000nam^a2200000^a^4500
001 000097226
005 20250526000000.0
009 20260310093012.278
037 |a Acervo ITESO - Biblioteca 
041 |a ESP 
082 |a 972. 01  |b COD ANT V. 3 
100 |a Kingsborough, Edward King,  |c Lord  |e (comp.) 
240 1 1 |a [Códices del Grupo Borgia] 
240 1 1 |a [Códice Laud] 
240 1 1 |a [Códice Ríos] 
240 1 1 |a [Códice Vaticano 3738] 
240 1 1 |a [Códice Vaticano A] 
245 1 0 |a Antigüedades de México :  |b basadas en la recopilación de Lord Kingsborough /  |c Comp. de E.K. Kingsborough ; palabras preliminares de Antonio Ortiz Mena ; pról. de A. Yáñez ; estudio e interpretación de José Corona Núñez. 
264 4 |a México :  |b Secretaría de Hacienda y Crédito Público,  |c 1964, c1964 
300 |a 451 p. ;  |c 34.0 cm. 
520 |a Antigüedades de México fue el primer esfuerzo por editar y difundir en círculos amplios los códices mexicanos. La iniciativa fue del dublinés Edward King (1795-1837), vizconde de Kingsborough, quien publicó en 1831 los siete primeros volúmenes de su obra, que comprendía quince códices. La presente edición está basada en la recopilación de Kingsborough, pero las reproducciones de los códices son resultado de técnicas desconocidas en tiempos del dublinés, completa las explicaciones (Kingsborough sólo ofrecía tres de las quince), no separa en tomos distintos las representaciones pictóricas de las interpretaciones y por ende, modifica la distribución de los documentos. Tres tomos, que presentan en conjunto ocho códices, están disponibles en el Fondo Reynoso, en tanto que en el Fondo Rodríguez pueden localizarse un total de cuatro tomos y once códices. 
649 |a XX 
650 |a Códices Prehispánicos -  |z México 
650 |a Códices Prehispánicos -  |z México -  |x Historia y Crítica 
650 |a Indígenas de México -  |x Historia 
650 |a México -  |x Historia -  |y Epoca Prehispánica 
650 |a México -  |x Historia -  |y Epoca Colonial, 1517-1821 
700 |a Yáñez, Agustín  |e (prólogo) 
910 |a Fondo Salvador Reynoso Reynoso 
920 |a Impresos - Libros 
930 |a Libros Antiguos y Raros 
905 |a 108 
901 |a 0500026934  |b IT2  |c LRA  |u 20250526 
902 |a https://opac.biblio.iteso.mx/vufind/Record/000097226